|
|
|
|
| LEADER |
01671nam a2200313 a 4500 |
| 001 |
15360 |
| 003 |
BD-DhAAL |
| 008 |
091105s2004 bg ab b 000 0 eng d |
| 999 |
|
|
|c 5737
|d 5737
|
| 010 |
|
|
|a 2004312273
|
| 020 |
|
|
|a 9840517198
|
| 040 |
|
|
|a DLC
|c DLC
|d DLC
|d BD-DhAAL
|
| 082 |
0 |
0 |
|a 333.917095492
|2 22
|
| 245 |
0 |
0 |
|a Where land meets the sea :
|b a profile of the coastal zone of Bangladesh /
|c edited by M. Rafiqul Islam.
|
| 260 |
|
|
|a Dhaka, Bangladesh :
|b Published for Program Development Office for Integrated Coastal Zone Management Plan (PDO-ICZMP), Water Resources Planning Organization (WARPO), by University Press,
|c 2004.
|
| 300 |
|
|
|a xviii, 317 p. :
|b ill., col. maps ;
|c 25 cm.
|
| 504 |
|
|
|a Includes bibliographical references.
|
| 526 |
|
|
|a BIED
|
| 541 |
1 |
|
|a Complimentary copy from BIED
|e 15360, 35762
|
| 650 |
|
0 |
|a Integrated coastal zone management
|z Bangladesh.
|9 38834
|
| 650 |
|
0 |
|a Coasts
|z Bangladesh.
|9 38835
|
| 650 |
|
0 |
|a Coastal ecology
|z Bangladesh.
|9 38836
|
| 700 |
1 |
|
|a Islam, M. Rafiqul.
|9 38837
|
| 710 |
2 |
|
|a Integrated Coastal Zone Management Plan.
|b Programme Development Office.
|9 38838
|
| 710 |
2 |
|
|a Water Resources Planning Organization (Bangladesh)
|9 38839
|
| 852 |
4 |
|
|a Ayesha Abed Library
|j General Stacks
|
| 942 |
|
|
|2 ddc
|c BK
|
| 952 |
|
|
|0 0
|1 0
|2 ddc
|4 0
|6 333_917095492000000_WHE_2004
|7 0
|9 5669
|a BRACUL
|b BRACUL
|c GEN
|d 2009-11-21
|g 760.00
|l 2
|m 2
|o 333.917095492 WHE
|p 3010015360
|r 2013-12-25
|s 2013-10-07
|t 1
|w 2009-11-21
|y BK
|
| 952 |
|
|
|0 0
|1 0
|2 ddc
|4 0
|6 333_917095492000000_WHE
|7 0
|9 67679
|a BRACUL
|b BRACUL
|c GEN
|d 2020-01-07
|e Complimentary copy from BIED
|l 0
|o 333.917095492 WHE
|p 3010035762
|r 2020-01-07
|t 2
|w 2020-01-07
|y BK
|x Transferred from BIED to General Stacks
|